000 00303nam a2200133 a 4500
005 20140414131907.0
008 101002s19uu xx 00 eng d
050 _aER
_bAn5
100 _a
245 _aAnimals.
260 _aTokyo :
_bFroebel-Kan.
440 _aMy Picture Library
999 _c111027
_d111027